000 01204cam a2200301 4500
008 090401t1995 xxu||||| |||| 00| 0 eng d
020 _a0117531286
035 _a(Sirsi) u43880
041 _aeng
050 _a711.1
_c18
110 _aUnited Kingdom
_bDepartment of the Environment
_9982
245 _aMinerals planning guidance
_bguidelines for peat provision in England including the place of alternative materials
260 _aLondon
_bHMSO
_c1995
300 _a32p.
_bill.,maps
_c30cm.
350 _a9
490 _aMPG
_v13
520 _aProvides advice to minerals planning authorities and the peat extractive industry on the exercise of planning control over the extraction of peat, setting out the national picture on peat production, permitted reserves and consumption for horticultural purposes. View at www.planning.odpm.gov.uk.
650 _aHORTICULTURE
650 _aMINERALS PLANNING
650 _aMPG13
650 _aPEAT BOGS
650 _aPEAT EXTRACTION
650 _aPEATLANDS
690 _aPLANNING LAW AND PRACTICE
856 _uhttps://www.communities.gov.uk/index.asp?id=1144235
_vView the guidance on the ODPM website...
942 _n0
948 _c04/03/1997
999 _c91398
_d91398